[Event "19. Torneo San Viator"]
[Site "Madrid ESP"]
[Date "2012.10.07"]
[Round "3.2"]
[White "Rivera Leon, Mauro Arturo"]
[Black "Jimenez Elices, Jose Maria"]
[Result "1-0"]
[WhiteElo "2105"]
[BlackElo "1905"]
[PlyCount "55"]
[EventDate "2012.09.23"]
[EventType "swiss"]
[EventRounds "9"]
[EventCountry "ESP"]
[Source "lmi"]
[SourceDate "2012.09.23"]

1. e4 e6 2. d4 d5 3. Nc3 dxe4 4. Nxe4 Nd7 5. Nf3 Ngf6 6. Bd3 Nxe4 7. Bxe4 Nf6
8. Bg5 Qd6 9. Bxf6 gxf6 10. c3 Bg7 11. Qe2 O-O 12. O-O-O f5 13. Bc2 b5 14. Qxb5
Bd7 15. Qc5 Qf4+ 16. Kb1 Rfb8 17. Ne5 Be8 18. Nd3 Qg5 19. Qxc7 a5 20. Qg3 Qe7
21. Ka1 Kh8 22. Qh3 a4 23. a3 Rb3 24. Nb4 Rb8 25. g4 R3xb4 26. axb4 h6 27. gxf5
Qxb4 28. f6 1-0

[Event "19. Torneo San Viator"]
[Site "Madrid ESP"]
[Date "2012.10.07"]
[Round "3.3"]
[White "Cabanas Bravo, Juan Andres"]
[Black "Barahona Torrijos, Angel"]
[Result "1-0"]
[WhiteElo "2070"]
[BlackElo "1893"]
[PlyCount "91"]
[EventDate "2012.09.23"]
[EventType "swiss"]
[EventRounds "9"]
[EventCountry "ESP"]
[Source "lmi"]
[SourceDate "2012.09.23"]

1. e4 e5 2. d4 exd4 3. c3 Qe7 4. cxd4 Qxe4+ 5. Be3 Bb4+ 6. Nc3 Nf6 7. Nf3 Nd5
8. Qd2 Nxe3 9. fxe3 Qe7 10. Bd3 d5 11. O-O Bxc3 12. bxc3 O-O 13. Rae1 f5 14.
Qc2 Be6 15. g4 g6 16. Qb2 fxg4 17. Ne5 Nd7 18. Nxd7 Rxf1+ 19. Bxf1 Qxd7 20.
Qxb7 Rf8 21. Bg2 c6 22. Qa6 Qc7 23. Rb1 g3 24. h3 Qf7 25. Rf1 Qd7 26. Rxf8+
Kxf8 27. Qa3+ Kg7 28. h4 Qb7 29. Qd6 Qb1+ 30. Bf1 Qf5 31. Qxg3 Qg4 32. Kh2
Qxg3+ 33. Kxg3 Kf6 34. Ba6 g5 35. a4 h5 36. a5 g4 37. Kf4 Ke7 38. Bf1 Kf6 39.
Bd3 Bf7 40. e4 dxe4 41. Bxe4 Bd5 42. Bd3 Bf3 43. c4 Ke6 44. Bg6 Be2 45. c5 Kd5
46. Ke3 1-0

[Event "19. Torneo San Viator"]
[Site "Madrid ESP"]
[Date "2012.10.07"]
[Round "3.4"]
[White "Cano Cabanillas, Javier"]
[Black "Moreno Zamora, Gregorio"]
[Result "1-0"]
[WhiteElo "2027"]
[BlackElo "1724"]
[PlyCount "59"]
[EventDate "2012.09.23"]
[EventType "swiss"]
[EventRounds "9"]
[EventCountry "ESP"]
[Source "lmi"]
[SourceDate "2012.09.23"]

1. e4 c6 2. d4 d5 3. Nc3 dxe4 4. Nxe4 Nd7 5. Ng5 Ngf6 6. Bc4 e6 7. Qe2 Nb6 8.
Bd3 h6 9. N5f3 Be7 10. Ne5 Nbd5 11. c3 a6 12. Ngf3 c5 13. dxc5 Bxc5 14. O-O O-O
15. Rd1 Qc7 16. c4 Nb4 17. Bf4 Nxd3 18. Rxd3 Nh5 19. Bd2 Nf6 20. Rd1 b6 21. Bf4
Nh5 22. Be3 Bxe3 23. Qxe3 Nf6 24. g4 Bb7 25. g5 hxg5 26. Qxg5 Rad8 27. Ng4 Nxg4
28. Rxd8 f6 29. Rxf8+ Kxf8 30. Qxg4 1-0

[Event "19. Torneo San Viator"]
[Site "Madrid ESP"]
[Date "2012.10.07"]
[Round "3.5"]
[White "Hernandez Mateo, Borja"]
[Black "Rodriguez Sanchez, Roberto"]
[Result "1/2-1/2"]
[WhiteElo "1719"]
[BlackElo "1953"]
[PlyCount "62"]
[EventDate "2012.09.23"]
[EventType "swiss"]
[EventRounds "9"]
[EventCountry "ESP"]
[Source "lmi"]
[SourceDate "2012.09.23"]

1. e4 c5 2. Nf3 d6 3. d4 cxd4 4. Nxd4 Nf6 5. Nc3 a6 6. Be2 e6 7. O-O Be7 8. f4
Qc7 9. Bf3 O-O 10. Kh1 Nc6 11. Nxc6 bxc6 12. Be3 Bb7 13. Qe1 Rfe8 14. Qf2 Nd7
15. f5 exf5 16. Be2 Bf6 17. Qxf5 Ne5 18. Rad1 Rab8 19. Ba7 Ra8 20. Be3 Bc8 21.
Qf2 Ng4 22. Bxg4 Bxg4 23. Rd3 Rab8 24. Qg3 Bxc3 25. Rxc3 Bh5 26. Bd4 Bg6 27.
Re3 c5 28. Bc3 Qc6 29. Ref3 Rb7 30. Re3 Rbe7 31. Rd1 Re6 1/2-1/2

[Event "19. Torneo San Viator"]
[Site "Madrid ESP"]
[Date "2012.10.07"]
[Round "3.6"]
[White "Largo Barbero, Benito"]
[Black "Rodriguez Alonso, Marcos"]
[Result "1/2-1/2"]
[WhiteElo "1885"]
[BlackElo "1596"]
[PlyCount "84"]
[EventDate "2012.09.23"]
[EventType "swiss"]
[EventRounds "9"]
[EventCountry "ESP"]
[Source "lmi"]
[SourceDate "2012.09.23"]

1. d4 d5 2. Bf4 Nc6 3. e3 a6 4. Nf3 Bf5 5. Bd3 Bxd3 6. Qxd3 Nf6 7. h3 e6 8.
Nbd2 Bd6 9. Ne5 Bxe5 10. dxe5 Nd7 11. Nf3 h6 12. c3 Nc5 13. Qc2 Ne7 14. Nd2 Ng6
15. g4 Nxf4 16. exf4 d4 17. c4 d3 18. Qc3 a5 19. b3 Qd7 20. f3 b6 21. Kf2 Rd8
22. Rad1 O-O 23. Rhe1 Qd4+ 24. Qxd4 Rxd4 25. Ke3 Rfd8 26. a3 Kf8 27. b4 axb4
28. axb4 Na6 29. Rb1 c5 30. bxc5 bxc5 31. Rb5 Nb4 32. Rd1 Rc8 33. Ne4 Rxc4 34.
Nd6 Nd5+ 35. Kd2 Rc2+ 36. Kxd3 Nb4+ 37. Rxb4 cxb4 38. Nxc8 Rxc8 39. Rb1 Rc3+
40. Ke4 Rc4+ 41. Ke3 Rc3+ 42. Ke4 Rc4+ 1/2-1/2

[Event "19. Torneo San Viator"]
[Site "Madrid ESP"]
[Date "2012.10.07"]
[Round "3.7"]
[White "Sanchez Lopez, Maria"]
[Black "Zhynguel Ramirez De Verger, Ale"]
[Result "1-0"]
[WhiteElo "1873"]
[BlackElo "1704"]
[PlyCount "103"]
[EventDate "2012.09.23"]
[EventType "swiss"]
[EventRounds "9"]
[EventCountry "ESP"]
[Source "lmi"]
[SourceDate "2012.09.23"]

1. d4 f5 2. Nf3 g6 3. c4 Nf6 4. g3 Bg7 5. Bg2 d6 6. O-O O-O 7. Nc3 c6 8. Qb3
Qc7 9. Rd1 Kh8 10. Bg5 Be6 11. Rac1 Nbd7 12. d5 Bg8 13. Nd4 Nc5 14. Qc2 e5 15.
dxe6 Nxe6 16. Nxe6 Bxe6 17. Bf4 Ne8 18. b3 Qe7 19. h4 Rd8 20. Rd3 Nc7 21. Rcd1
Be5 22. Qd2 Bxf4 23. Qxf4 Ne8 24. Qd4+ Qg7 25. Qxa7 f4 26. Qd4 fxg3 27. Qxg7+
Kxg7 28. fxg3 Rf5 29. Ne4 Re5 30. Nxd6 Nxd6 31. Rxd6 Rxd6 32. Rxd6 Rxe2 33. Bf3
Re5 34. Kf2 Kf7 35. Rd8 Ra5 36. Rd2 b5 37. Bxc6 bxc4 38. bxc4 Bxc4 39. a4 Bb3
40. Rd4 h6 41. Ke3 g5 42. hxg5 Rxg5 43. Kf4 Ke6 44. Bd7+ Ke7 45. Bf5 Rg8 46.
Rd7+ Kf6 47. a5 Ra8 48. Rd6+ Kg7 49. a6 Ra7 50. Rd7+ Rxd7 51. Bxd7 Bc4 52. Bc8
1-0

[Event "19. Torneo San Viator"]
[Site "Madrid ESP"]
[Date "2012.10.07"]
[Round "3.8"]
[White "Magan Gonzalez, Alberto"]
[Black "Perez Fajardo, Daniel"]
[Result "1-0"]
[WhiteElo "1850"]
[BlackElo "1580"]
[PlyCount "37"]
[EventDate "2012.09.23"]
[EventType "swiss"]
[EventRounds "9"]
[EventCountry "ESP"]
[Source "lmi"]
[SourceDate "2012.09.23"]

1. e4 c6 2. d4 d5 3. Nc3 dxe4 4. Nxe4 Bf5 5. Ng3 Bg6 6. Bc4 Nf6 7. N1e2 h6 8.
O-O e6 9. f4 Bd6 10. f5 exf5 11. Nxf5 O-O 12. Nxd6 Qxd6 13. Bf4 Qd8 14. Qd2
Nbd7 15. Bxh6 gxh6 16. Qxh6 Nh7 17. Qxg6+ Kh8 18. Rxf7 Ndf6 19. Qg7# 1-0

[Event "19. Torneo San Viator"]
[Site "Madrid ESP"]
[Date "2012.10.07"]
[Round "3.10"]
[White "Perez Perez, Elena"]
[Black "Al-Zarif Zabala, Bassam"]
[Result "1/2-1/2"]
[WhiteElo "1678"]
[BlackElo "1768"]
[PlyCount "103"]
[EventDate "2012.09.23"]
[EventType "swiss"]
[EventRounds "9"]
[EventCountry "ESP"]
[Source "lmi"]
[SourceDate "2012.09.23"]

1. e4 Nf6 2. e5 Nd5 3. d4 d6 4. Nf3 Bf5 5. c4 Nb6 6. Nc3 Nc6 7. exd6 cxd6 8. d5
Nb4 9. Nd4 Bd7 10. Be2 g6 11. Be3 Bg7 12. Qd2 h5 13. Ncb5 Na6 14. Bg5 Bxb5 15.
Nxb5 Nc7 16. c5 Nc8 17. Nxc7+ Qxc7 18. Bb5+ Kf8 19. c6 bxc6 20. Bxc6 Rb8 21.
Rb1 Kg8 22. O-O Kh7 23. b3 f6 24. Be3 e5 25. Rbc1 Qe7 26. f4 Rf8 27. f5 g5 28.
Qe2 Qf7 29. Bd2 Nb6 30. Qe4 Rfd8 31. Rf2 g4 32. Kh1 Qf8 33. Rg1 Bh6 34. Bxh6
Qxh6 35. Re1 Rg8 36. Rc2 h4 37. Bb5 Rbc8 38. Bc6 Qg7 39. Qb4 Qf8 40. Re4 Nxd5
41. Qe1 Qh6 42. Bxd5 Rxc2 43. Bxg8+ Kxg8 44. Rxg4+ Kf7 45. Rc4 Rxc4 46. bxc4
Qf4 47. h3 Qxf5 48. Qxh4 Qb1+ 49. Kh2 Qxa2 50. Qh5+ Ke7 51. Qh7+ Ke6 52. Qg8+
1/2-1/2

[Event "19. Torneo San Viator"]
[Site "Madrid ESP"]
[Date "2012.10.07"]
[Round "3.11"]
[White "Sierra Bermejo, Gregorio"]
[Black "Rosa Ramirez, Victor D"]
[Result "0-1"]
[WhiteElo "1664"]
[BlackElo "1951"]
[PlyCount "116"]
[EventDate "2012.09.23"]
[EventType "swiss"]
[EventRounds "9"]
[EventCountry "ESP"]
[Source "lmi"]
[SourceDate "2012.09.23"]

1. e4 e6 2. Qe2 c5 3. g3 Nc6 4. c3 Be7 5. Bg2 Nf6 6. d3 d5 7. e5 Nd7 8. f4 Qb6
9. Nf3 O-O 10. O-O Re8 11. Be3 f6 12. d4 a5 13. Na3 c4 14. Rab1 Qa6 15. Nc2 b5
16. a3 b4 17. axb4 axb4 18. Nh4 f5 19. Ra1 Qb7 20. Nxf5 b3 21. Nxe7+ Nxe7 22.
Na3 Nb6 23. Nb5 Nf5 24. Rxa8 Nxa8 25. Na3 Bd7 26. Bf2 Nb6 27. g4 Ne7 28. Bh4
Ng6 29. Bg3 Rf8 30. Bh3 Ne7 31. Bh4 Be8 32. f5 Qd7 33. Qd2 exf5 34. gxf5 Nec8
35. Qg5 Kh8 36. f6 Qa7 37. fxg7+ Qxg7 38. Qxg7+ Kxg7 39. Bf6+ Kg8 40. Be6+ Bf7
41. Bf5 Re8 42. Kh1 Bg6 43. Rg1 Kf7 44. Bh3 Na4 45. Bg2 Ncb6 46. Nb5 Ra8 47.
Nc7 Ra5 48. Rf1 Bd3 49. Rf2 Nxb2 50. Bg5+ Kg8 51. Bh4 Ra1+ 52. Bf1 Rxf1+ 53.
Rxf1 Bxf1 54. e6 Nc8 55. Nxd5 Bd3 56. Nf6+ Kg7 57. Ng4 Na4 58. Bf6+ Kg6 0-1

[Event "19. Torneo San Viator"]
[Site "Madrid ESP"]
[Date "2012.10.07"]
[Round "3.12"]
[White "Garcia-Ruiz Fuentes, Angel M"]
[Black "Castro Uceda, Jose Antonio"]
[Result "1-0"]
[WhiteElo "1943"]
[BlackElo "1657"]
[PlyCount "71"]
[EventDate "2012.09.23"]
[EventType "swiss"]
[EventRounds "9"]
[EventCountry "ESP"]
[Source "lmi"]
[SourceDate "2012.09.23"]

1. e4 c5 2. Nf3 d6 3. d4 cxd4 4. Nxd4 Nf6 5. Nc3 a6 6. Bc4 b5 7. Bb3 b4 8. Nd5
e6 9. Nxf6+ Qxf6 10. O-O Bb7 11. Re1 Be7 12. Ba4+ Nd7 13. Bc6 Bxc6 14. Nxc6 a5
15. Nxe7 Qxe7 16. a3 O-O 17. Bf4 e5 18. Be3 Nc5 19. f3 Rfd8 20. axb4 axb4 21.
Qd5 Rac8 22. Red1 h6 23. Ra5 Kh7 24. Rb5 Na6 25. Rb7 Nc7 26. Qa5 Rd7 27. Qxb4
Na6 28. Rxd7 Qxd7 29. Qxd6 Qxd6 30. Rxd6 Nb4 31. c3 Nc2 32. Kf2 Ra8 33. Ke2 Ra2
34. Bc1 Na3 35. Ra6 Ra1 36. Kd1 1-0

[Event "19. Torneo San Viator"]
[Site "Madrid ESP"]
[Date "2012.10.07"]
[Round "3.13"]
[White "Pindado Campos, Raul"]
[Black "Morona Minguez, Miguel"]
[Result "1/2-1/2"]
[WhiteElo "1928"]
[BlackElo "1631"]
[PlyCount "110"]
[EventDate "2012.09.23"]
[EventType "swiss"]
[EventRounds "9"]
[EventCountry "ESP"]
[Source "lmi"]
[SourceDate "2012.09.23"]

1. d4 d5 2. c4 e6 3. Nc3 Bb4 4. e3 Ne7 5. Bd2 O-O 6. Nf3 Nbc6 7. Qc2 Ng6 8. a3
Be7 9. cxd5 exd5 10. Bb5 Bg4 11. Be2 Bf6 12. Qb3 Re8 13. Qxd5 Qxd5 14. Nxd5
Bxf3 15. Nxf6+ gxf6 16. gxf3 a6 17. Rg1 h5 18. Bc3 Rad8 19. O-O-O f5 20. f4 h4
21. Bd3 Nce7 22. Rg5 Rd5 23. Bc4 Rd6 24. Bb4 Rc6 25. Bxe7 Rxc4+ 26. Kd2 Rxe7
27. Rxf5 Re6 28. Rg5 Rec6 29. f5 Rc2+ 30. Ke1 Rxb2 31. Rd2 Rb1+ 32. Ke2 Rh1 33.
fxg6 Rxg6 34. Rxg6+ fxg6 35. Kf3 Rxh2 36. Rd1 Kf7 37. Rb1 h3 38. Rg1 Kf6 39. e4
g5 40. Kg3 Rg2+ 41. Rxg2 hxg2 42. Kxg2 g4 43. f3 Kg5 44. Kg3 gxf3 45. Kxf3 c6
46. Ke3 b5 47. Kd3 Kf4 48. e5 Kf5 49. Kc3 a5 50. Kd3 c5 51. Kc3 c4 52. a4 b4+
53. Kxc4 Ke6 54. Kd3 Kd5 55. Kc2 Ke6 1/2-1/2

[Event "19. Torneo San Viator"]
[Site "Madrid ESP"]
[Date "2012.10.07"]
[Round "3.14"]
[White "San Felipe Gonzalez, Tomas"]
[Black "Garcia Sanjuan, Jose"]
[Result "0-1"]
[WhiteElo "1629"]
[BlackElo "1905"]
[PlyCount "88"]
[EventDate "2012.09.23"]
[EventType "swiss"]
[EventRounds "9"]
[EventCountry "ESP"]
[Source "lmi"]
[SourceDate "2012.09.23"]

1. d4 e6 2. c4 b6 3. Nc3 Bb7 4. Bf4 Bb4 5. e3 Nf6 6. Nf3 Ne4 7. Rc1 g5 8. Be5
f6 9. Bg3 h5 10. h3 Nxg3 11. fxg3 Bd6 12. Kf2 Qe7 13. Nb5 Na6 14. Nxd6+ Qxd6
15. Bd3 O-O-O 16. a3 h4 17. gxh4 gxh4 18. Qe2 Qg3+ 19. Kf1 Nb8 20. e4 Rdf8 21.
c5 Rhg8 22. cxb6 axb6 23. Qf2 Qf4 24. Qd2 Qxd2 25. Nxd2 f5 26. Kg1 Rg3 27. Bb1
Rfg8 28. Rh2 Nc6 29. Rc3 Nxd4 30. Rxg3 Rxg3 31. Kf2 fxe4 32. Nxe4 Rb3 33. Rh1
Rxb2+ 34. Ke3 Nf5+ 35. Kf4 Rxg2 36. Rd1 Ne7 37. Rd3 Nd5+ 38. Ke5 Rb2 39. Rd1
Rb3 40. Bd3 Rxa3 41. Ng5 Nb4 42. Bg6 Ra5+ 43. Kf4 Nd5+ 44. Kf3 Nc3+ 0-1

[Event "19. Torneo San Viator"]
[Site "Madrid ESP"]
[Date "2012.10.07"]
[Round "3.15"]
[White "Padin Lazaro, Jose Manuel"]
[Black "Rendo Quiros, Pedro"]
[Result "1-0"]
[WhiteElo "1806"]
[BlackElo "1630"]
[PlyCount "79"]
[EventDate "2012.09.23"]
[EventType "swiss"]
[EventRounds "9"]
[EventCountry "ESP"]
[Source "lmi"]
[SourceDate "2012.09.23"]

1. e4 c5 2. Nf3 d6 3. d4 cxd4 4. Nxd4 Nc6 5. Nc3 Nf6 6. Bc4 e6 7. Bb3 Be7 8.
Be3 a6 9. Qe2 Nxd4 10. Bxd4 O-O 11. O-O-O b5 12. g4 e5 13. Bxe5 Bxg4 14. f3 Bh5
15. Bg3 Re8 16. Qd3 Qb6 17. Rhf1 Rad8 18. Nd5 Nxd5 19. Qxd5 Qc5 20. Qd3 a5 21.
Bf2 Qc6 22. Bd5 Qd7 23. Bb6 Rc8 24. Bxa5 Qa7 25. Bc3 Bg5+ 26. Kb1 Rb8 27. Rg1
Bh6 28. Rg3 Bg6 29. Rdg1 Bf4 30. Rg4 Bxh2 31. R1g2 Be5 32. f4 b4 33. Bxe5 dxe5
34. f5 Rb6 35. fxg6 Rxg6 36. Rxg6 hxg6 37. Qd1 Qe3 38. Rxg6 Kf8 39. Qf1 f6 40.
Rxf6+ 1-0

[Event "19. Torneo San Viator"]
[Site "Madrid ESP"]
[Date "2012.10.07"]
[Round "3.16"]
[White "Mina Mena, Jesus"]
[Black "Lianes Garcia, Marcos"]
[Result "0-1"]
[WhiteElo "1777"]
[BlackElo "1627"]
[PlyCount "59"]
[EventDate "2012.09.23"]
[EventType "swiss"]
[EventRounds "9"]
[EventCountry "ESP"]
[Source "lmi"]
[SourceDate "2012.09.23"]

1. d4 Nf6 2. c4 g6 3. Nc3 Bg7 4. e4 d6 5. f4 O-O 6. Nf3 c5 7. d5 a6 8. a4 e6 9.
Be2 exd5 10. cxd5 Re8 11. Nd2 Nbd7 12. O-O b6 13. Re1 Qc7 14. Bf3 Bb7 15. Nc4
h6 16. Be3 Nh7 17. Qd3 Nhf8 18. e5 dxe5 19. d6 Qb8 20. Nxe5 Bxe5 21. Bxb7 Qxb7
22. fxe5 Nxe5 23. Qc2 Ng4 24. Bf4 Ne6 25. Bg3 Nd4 26. Qd3 Nf5 27. Bf4 Nf6 28.
h3 Rad8 29. g4 Nh4 30. Qg3 0-1

[Event "19. Torneo San Viator"]
[Site "Madrid ESP"]
[Date "2012.10.07"]
[Round "3.17"]
[White "Gil Calvente, Jose Antonio"]
[Black "Navarro Gonzalez, Jaime"]
[Result "0-1"]
[WhiteElo "1618"]
[BlackElo "1769"]
[PlyCount "70"]
[EventDate "2012.09.23"]
[EventType "swiss"]
[EventRounds "9"]
[EventCountry "ESP"]
[Source "lmi"]
[SourceDate "2012.09.23"]

1. e4 d5 2. exd5 Qxd5 3. Nc3 Qa5 4. d4 c6 5. Nf3 Bf5 6. Bd3 Nf6 7. O-O Bxd3 8.
Qxd3 e6 9. Bf4 Nbd7 10. Rad1 Be7 11. a3 Nh5 12. Bc1 Qc7 13. Ne4 O-O 14. Nfg5 h6
15. Nh3 Rad8 16. Qf3 Nhf6 17. Bf4 Qb6 18. Nxf6+ Nxf6 19. Qg3 Nh5 20. Qb3 Nxf4
21. Nxf4 Qc7 22. Ne2 Rd5 23. g3 Rfd8 24. Nc3 Rxd4 25. Rxd4 Rxd4 26. Ne2 Rd2 27.
Nf4 Rd7 28. Re1 Qa5 29. Re4 Qf5 30. Qe3 Bc5 31. Qe2 Bxf2+ 32. Kxf2 g5 33. Re5
Qf6 34. Ra5 gxf4 35. Qg4+ Kf8 0-1

[Event "19. Torneo San Viator"]
[Site "Madrid ESP"]
[Date "2012.10.07"]
[Round "3.18"]
[White "Gomez Dorado, Ernesto"]
[Black "Herreros Lucas, Jose L"]
[Result "1-0"]
[WhiteElo "1768"]
[BlackElo "1588"]
[PlyCount "63"]
[EventDate "2012.09.23"]
[EventType "swiss"]
[EventRounds "9"]
[EventCountry "ESP"]
[Source "lmi"]
[SourceDate "2012.09.23"]

1. Nf3 d5 2. c4 c6 3. b3 Nf6 4. g3 Bg4 5. Bg2 Nbd7 6. O-O e5 7. cxd5 cxd5 8.
Bb2 Bd6 9. d3 Qc7 10. Nc3 a6 11. Nd2 d4 12. Nce4 Bb4 13. Rc1 Qd8 14. Nxf6+ Nxf6
15. Bxb7 Ra7 16. Bc6+ Nd7 17. Nc4 O-O 18. Bg2 Re8 19. a3 Be7 20. h3 Bf5 21. b4
Bg5 22. Nd6 Bxc1 23. Bxc1 Be6 24. Nxe8 Qxe8 25. e3 Rc7 26. exd4 exd4 27. Bb2
Qc8 28. Bxd4 Rc2 29. Bc5 Nxc5 30. Qxc2 Nb7 31. Qxc8+ Bxc8 32. Rc1 1-0

[Event "19. Torneo San Viator"]
[Site "Madrid ESP"]
[Date "2012.10.07"]
[Round "3.19"]
[White "Salgado Duarte, Pablo"]
[Black "Cazorla Munoz, Francisco"]
[Result "1-0"]
[WhiteElo "1579"]
[BlackElo "1764"]
[PlyCount "57"]
[EventDate "2012.09.23"]
[EventType "swiss"]
[EventRounds "9"]
[EventCountry "ESP"]
[Source "lmi"]
[SourceDate "2012.09.23"]

1. d4 Nf6 2. c4 e6 3. Nf3 c5 4. Nc3 cxd4 5. Nxd4 a6 6. a3 Be7 7. e4 Qc7 8. Be3
Nc6 9. Be2 O-O 10. f4 e5 11. fxe5 Nxe5 12. Nd5 Nxd5 13. cxd5 d6 14. O-O Bd7 15.
Rc1 Qd8 16. Nf3 Ng4 17. Bd4 Bf6 18. h3 Bxd4+ 19. Qxd4 Nf6 20. Nd2 Re8 21. Rc3
Re5 22. Bf3 b5 23. Qb4 Qb6+ 24. Kh1 a5 25. Qb3 Rb8 26. Qc2 Rbe8 27. Rb3 Qd4 28.
Rd3 Rc8 29. Qxc8+ 1-0

[Event "19. Torneo San Viator"]
[Site "Madrid ESP"]
[Date "2012.10.07"]
[Round "3.20"]
[White "Sanchez Rodenas, Antonio"]
[Black "Pindado Del Carmen, Eliseo"]
[Result "1-0"]
[WhiteElo "1756"]
[BlackElo "1556"]
[PlyCount "47"]
[EventDate "2012.09.23"]
[EventType "swiss"]
[EventRounds "9"]
[EventCountry "ESP"]
[Source "lmi"]
[SourceDate "2012.09.23"]

1. d4 Nf6 2. c4 g6 3. Nc3 Bg7 4. e4 d6 5. f4 O-O 6. Nf3 b6 7. Bd3 e6 8. O-O Bb7
9. h3 Ne8 10. Be3 c5 11. d5 Nc7 12. Rc1 exd5 13. cxd5 Ba6 14. b3 f5 15. Bxa6
Nbxa6 16. e5 Nb4 17. a3 Nba6 18. Qd3 Re8 19. e6 Qe7 20. Bf2 Bf6 21. Rfe1 Qg7
22. Ng5 Bxg5 23. fxg5 Re7 24. Nb5 1-0

[Event "19. Torneo San Viator"]
[Site "Madrid ESP"]
[Date "2012.10.07"]
[Round "3.21"]
[White "Martin Rodriguez, Jose L"]
[Black "Garcia Otero, Pedro"]
[Result "1/2-1/2"]
[WhiteElo "1431"]
[BlackElo "1733"]
[PlyCount "43"]
[EventDate "2012.09.23"]
[EventType "swiss"]
[EventRounds "9"]
[EventCountry "ESP"]
[Source "lmi"]
[SourceDate "2012.09.23"]

1. e4 d5 2. exd5 Qxd5 3. Nc3 Qe5+ 4. Be2 c6 5. Nf3 Qc7 6. d4 Bf5 7. Ne5 e6 8.
g4 Bg6 9. h4 f6 10. Nxg6 hxg6 11. Qd3 Qf7 12. Be3 Na6 13. O-O-O O-O-O 14. Qe4
Nb4 15. Bc4 Nd5 16. Bb3 Bd6 17. Kb1 Nh6 18. Na4 f5 19. gxf5 Qxf5 20. Qg2 b5 21.
Bxd5 exd5 22. Nc5 1/2-1/2

[Event "19. Torneo San Viator"]
[Site "Madrid ESP"]
[Date "2012.10.07"]
[Round "3.25"]
[White "Rodriguez Sebastian, Roberto"]
[Black "Jimenez Sanchez, Juan Daniel"]
[Result "1-0"]
[WhiteElo "1650"]
[BlackElo "1386"]
[PlyCount "68"]
[EventDate "2012.09.23"]
[EventType "swiss"]
[EventRounds "9"]
[EventCountry "ESP"]
[Source "lmi"]
[SourceDate "2012.09.23"]

1. e4 c5 2. Nf3 d6 3. c4 Nc6 4. d4 cxd4 5. Nxd4 Nf6 6. Nc3 e5 7. Nc2 Be6 8. Be2
Be7 9. O-O O-O 10. Ne3 Nd4 11. Nc2 Nxe2+ 12. Qxe2 Rc8 13. b3 a6 14. Ne3 b5 15.
Ned5 Nxd5 16. Nxd5 Bxd5 17. cxd5 f5 18. exf5 Rxf5 19. Qg4 Qf8 20. Bh6 Rc7 21.
Bxg7 Qxg7 22. Qxf5 Rc5 23. Qe6+ Qf7 24. Qxf7+ Kxf7 25. Rfd1 Rc2 26. Kf1 Bh4 27.
g3 Bf6 28. a4 b4 29. Rac1 Rxc1 30. Rxc1 Bg5 31. Rc6 Be7 32. Ke2 Ke8 33. Rxa6
Bd8 34. Rxd6 Ke7 1-0

[Event "19. Torneo San Viator"]
[Site "Madrid ESP"]
[Date "2012.10.07"]
[Round "3.26"]
[White "Gonzalez Reyes, Felix"]
[Black "Cortijo Manso, Luis"]
[Result "1/2-1/2"]
[WhiteElo "1728"]
[BlackElo "1534"]
[PlyCount "59"]
[EventDate "2012.09.23"]
[EventType "swiss"]
[EventRounds "9"]
[EventCountry "ESP"]
[Source "lmi"]
[SourceDate "2012.09.23"]

1. e4 c5 2. Nf3 e6 3. d4 cxd4 4. Nxd4 Nf6 5. Bd3 d6 6. Bg5 Qa5+ 7. Qd2 Qxd2+ 8.
Nxd2 Be7 9. h3 Nbd7 10. O-O a6 11. c3 Ne5 12. Bc2 h6 13. Bf4 Ng6 14. Bh2 O-O
15. Nc4 e5 16. Nf3 Be6 17. Ncd2 Rfc8 18. Bb3 Bxb3 19. axb3 b5 20. b4 Nd7 21.
Rfc1 Nb6 22. Rc2 f6 23. Rac1 d5 24. exd5 Nxd5 25. Ne4 Kf7 26. g4 Ngf4 27. h4
Rc4 28. Ned2 Rcc8 29. Ne4 Rc4 30. Ned2 1/2-1/2

[Event "19. Torneo San Viator"]
[Site "Madrid ESP"]
[Date "2012.10.07"]
[Round "3.28"]
[White "Jimenez Perez, Federico"]
[Black "Moreno Sanchez, Guillermo"]
[Result "0-1"]
[WhiteElo "1280"]
[BlackElo "1635"]
[PlyCount "120"]
[EventDate "2012.09.23"]
[EventType "swiss"]
[EventRounds "9"]
[EventCountry "ESP"]
[Source "lmi"]
[SourceDate "2012.09.23"]

1. e4 c5 2. Nf3 d6 3. d4 cxd4 4. Nxd4 Nf6 5. Nc3 a6 6. h3 e6 7. Be3 b5 8. Bd3
Bb7 9. Qd2 b4 10. Nce2 Bxe4 11. Bxe4 Nxe4 12. Qxb4 Nc5 13. O-O Qc7 14. Ng3 Nbd7
15. Rfe1 Nb6 16. c4 Rb8 17. Qd2 Nxc4 18. Qe2 Nxb2 19. Rab1 Nbd3 20. Nxe6 fxe6
21. Rxb8+ Qxb8 22. Bxc5 Nxc5 23. Qh5+ g6 24. Qg5 Qc7 25. Ne4 Nxe4 26. Rxe4 Qf7
27. Rb4 Qf5 28. Rb8+ Kf7 29. Rb7+ Kg8 30. Qd8 h5 31. Qe8 Qf6 32. Rb8 Rh7 33.
Qc6 Qe7 34. Re8 Qd7 35. Qa8 Rf7 36. Rd8 Qe7 37. Re8 Qf6 38. Qe4 Qxf2+ 39. Kh2
Qf4+ 40. Qxf4 Rxf4 41. Rxe6 Kf7 42. Re3 Rf2 43. Rf3+ Rxf3 44. gxf3 Ke6 45. Kg2
Kf5 46. h4 Kf4 47. Kf2 d5 48. Ke2 Kg3 49. f4 Kxf4 50. Kd3 Bc5 51. Ke2 Kg3 52.
a4 Kxh4 53. Kf3 Kg5 54. Kg3 d4 55. Kf3 Kf5 56. Ke2 h4 57. Kf3 g5 58. Kg2 Kf4
59. Kh3 d3 60. Kg2 d2 0-1

[Event "19. Torneo San Viator"]
[Site "Madrid ESP"]
[Date "2012.10.07"]
[Round "3.29"]
[White "Del Noval Nemeshazi, Nesztor"]
[Black "Martin Garcia, Francisco Javier"]
[Result "1/2-1/2"]
[WhiteElo "1499"]
[BlackElo "1609"]
[PlyCount "42"]
[EventDate "2012.09.23"]
[EventType "swiss"]
[EventRounds "9"]
[EventCountry "ESP"]
[Source "lmi"]
[SourceDate "2012.09.23"]

1. e4 c5 2. Nf3 d6 3. d4 cxd4 4. Nxd4 Nf6 5. Nc3 a6 6. Bg5 e6 7. f4 Be7 8. Qf3
Qc7 9. O-O-O Nbd7 10. g4 b5 11. Bxf6 Nxf6 12. g5 Nd7 13. a3 Rb8 14. f5 b4 15.
fxe6 fxe6 16. Nxe6 Qa5 17. Nd5 Rb7 18. Nxg7+ Kd8 19. Ne6+ Ke8 20. Ng7+ Kd8 21.
Ne6+ Ke8 1/2-1/2

[Event "19. Torneo San Viator"]
[Site "Madrid ESP"]
[Date "2012.10.07"]
[Round "3.30"]
[White "Garcia Laborda, Pedro"]
[Black "Centeno Mateos, Domingo"]
[Result "0-1"]
[WhiteElo "1388"]
[BlackElo "1580"]
[PlyCount "48"]
[EventDate "2012.09.23"]
[EventType "swiss"]
[EventRounds "9"]
[EventCountry "ESP"]
[Source "lmi"]
[SourceDate "2012.09.23"]

1. d4 Nf6 2. Bf4 e6 3. Nd2 c5 4. e3 cxd4 5. exd4 d5 6. c4 Nc6 7. Bd3 Nxd4 8.
Ngf3 Bc5 9. O-O O-O 10. Be5 Nc6 11. Bxf6 Qxf6 12. cxd5 exd5 13. Bxh7+ Kxh7 14.
Qc2+ Kg8 15. Qxc5 Be6 16. Nb3 Qxb2 17. Nbd4 Nxd4 18. Nxd4 b6 19. Qc2 Qxd4 20.
Rad1 Qe4 21. Qb2 Qg6 22. f4 Rac8 23. Rf3 Rc2 24. Qe5 Qxg2# 0-1